000 00442nab a2200145Ia 4500
003 ES-SlBCS
005 20210601133826.0
008 140529s1986 xxu||||| |||| 00| 0 por d
041 _apor
100 1 _aLopes de Siqueira, Zenilda
_9210214
245 0 0 _aHeidegger e Rilke
_c Zenilda Lopes De Siqueira
600 1 4 _aHeidegger-Rilke
_9210235
773 0 _tPresença Filosofica
_gvol. 12, nº. 1-2-3-4, 1986, págs. 247-253
_wRev966
942 _cAR
999 _c602730
_d602730